=LDR 00000nam 2200000 4500 =001 001157 =005 20250710113458 =035 ##$$a 0010-0725000031 =007 ta =008 250710################a##########0#ind## =082 ##$$a 398.209 598 =100 #$$a Kasturia,Kiran =245 1#$$a Kapan Hujan Turun,Bu? : $b tidak asa /$c Kiran Kasturia =250 ##$$a pertama =260 ##$$a Jakarta Timur :$b Badan Pengembangan dan pembinaan Bahasa,$c 2022 =300 ##$$a 16hlm. : $b ilus. ; $c 21cm =700 #$$a Zainab Tambawalla =856 ##$$a TBM AS-SYUHADA